000
00322nam a2200121Ia 4500
008
220204s9999 xx 000 0 und d
082
_a
028.1625
_b
OFL
245
0
_a
Chemistry and technology of leather. 3 V
260
_a
New York
_b
Krieger
_c
1977
505
_a
V 2, 3, 4 available
700
_a
Oflaherty, Fred
942
_c
BK
999
_c
28352
_d
28352